Country Subdivisions Larger Than Texas - Statistics

General Stats
  • This quiz has been taken 22 times
  • The average score is 15 of 25
Answer Stats
Country Subdivision Area (km2) # of Texases % Correct
Canada Quebec 1,542,056 2.21
95%
Australia Western Australia 2,645,615 3.80
95%
United States Alaska 1,717,854 2.47
89%
Canada British Columbia 948,596 1.36
89%
Australia Northern Territory 1,420,968 2.04
89%
Canada Nunavut 2,093,190 3.01
89%
Australia Queensland 1,852,642 2.66
89%
Australia South Australia 1,043,514 1.50
89%
Denmark Greenland 2,166,086 3.11
84%
Australia New South Wales 809,444 1.16
84%
Canada Northwest Territories 1,346,106 1.93
84%
Canada Ontario 1,076,395 1.55
84%
Brazil Amazonas 1,570,947 2.26
58%
China Inner Mongolia 1,183,000 1.70
58%
China Tibet 1,228,400 1.76
58%
China Xinjiang Uyghur 1,660,000 2.38
47%
Russia Irkutsk Oblast 767,900 1.10
42%
Russia Sakha Republic 3,103,200 4.46
32%
Russia Krasnoyarsk Krai 2,339,700 3.36
26%
Brazil Mato Grosso 906,807 1.30
21%
Brazil Para 1,253,164 1.80
21%
Russia Yamalo-Nenets 750,300 1.08
21%
Russia Chukotka 737,700 1.06
16%
Russia Khabarovsk Krai 788,600 1.13
11%
China Qinghai 721,000 1.04
11%
No matching quizzes found
Score Distribution
Percent of People with Each Score
Percentile by Number Answered
Your Score History
You have not taken this quiz